000 00241nam a22000857a 4500
008 160823b xxu||||| |||| 00| 0 eng d
100 _9218
_aYoung Learner's
245 _aBeauty and the Beast
260 _aNew Delhi
_bYoung Learner's publication
_c2011
999 _c2875
_d2875